Marketingový mix pre zariadenie vidieckej turistiky s hipocentrom diplomová práca

Enregistré dans:
Détails bibliographiques
Auteur principal: Tomková, Beáta
Collectivité auteur: Obchodná fakulta EU. Katedra marketingu
Autres auteurs: Filo, Peter
Format: Livre
Langue:slovaque
Publié: Bratislava 2012
Tags: Ajouter un tag
Pas de tags, Soyez le premier à ajouter un tag!

MARC

LEADER 00000nbm a2200000 4500
001 0158972
005 20161228150600.6
041 0 |a slo 
044 |a SK 
245 1 0 |a Marketingový mix pre zariadenie vidieckej turistiky s hipocentrom  |b diplomová práca  |c Beáta Tomková ; školiteľ: Peter Filo 
264 1 |a Bratislava  |c 2012 
300 |a 75 s. 
100 1 |a Tomková, Beáta 
700 1 |a Filo, Peter 
710 2 |a Obchodná fakulta EU. Katedra marketingu